Письмо Полевого К. к Карлгофу Вильгельму Ивановичу

Доступно только в Электронных читальных залах Найти на картеНа карте
RUSMARC
00004079nac2a22002771x 450
00128f8d96c-6282-41b1-8e4e-eae53f07901c
00520131008052109.0
100##$a20130529l1835 k y0rusy50 ca
1010#$arus
102##$aRU
105##$ay z |||||
2001#$aПисьмо Полевого К. к Карлгофу Вильгельму Ивановичу
$j1835
215##$a2 листа
251##$cДело
300##$aЗаголовок дела на папке: Письмо Полевого Ксенофонта Карлгофу Вильгельму Ивановичу
300##$aРукописный текст
330##$aДокументальные материалы, отложившиеся в результате творческой деятельности А. Ф. Кони; Документальные материалы, собранные А. Ф. Кони для своих работ; К биографическим очеркам, мемуарам и другим работам А. Ф. Кони
461#0$10013a54f2e3-e9cf-409b-80fa-f0a9bd3c40cb
$12001
$aКони Анатолий Федорович, юрист, литератор, член академии наук, председатель Санкт-Петербургского окружного суда, член государственного совета
$1251
$cФонд
$1852
$j564
462#0$100178a475cd-a47d-4377-bff3-cee4b81de655
$12001
$aОпись дел фонда А. Ф. Кони за 1880-1931 гг.
$1251
$cОпись
$1852
$j1
517##$aПисьмо Полевого Ксенофонта Карлгофу Вильгельму Ивановичу
600#1$aКони
$bА. Ф.
$f1844-1927
$gАнатолий Федорович
600#1$aПолевой
$bК.
$gКсенофонт
600#1$aКарлгоф
$bВ. И.
$gВильгельм Иванович
801#0$aRU
$bGA_RF
801#1$aRU
$bНПО Опыт
$c20130529
$2rusmarc
801#2$aRU
$bПБ им. Б.Н. Ельцина
$c20131008
$gRCR
$2rusmarc
852##$aГА РФ
$j345
937##$d38152706
$hПБ
035##$aRuPRLIB51000743
Формат отображения